BUBT Library Online Catalog

Lands Law of Bangladesh (Record no. 3420)

000 -LEADER
fixed length control field 00599nam a2200229Ia 4500
003 - CONTROL NUMBER IDENTIFIER
control field BUBTL
008 - FIXED-LENGTH DATA ELEMENTS--GENERAL INFORMATION
fixed length control field 151213s9999 xx 000 0 und d
020 ## - INTERNATIONAL STANDARD BOOK NUMBER
International Standard Book Number 984-8372-10-5
082 ## - DEWEY DECIMAL CLASSIFICATION NUMBER
Classification number 343.025492/K113l
100 ## - MAIN ENTRY--PERSONAL NAME
Personal name Dr. L. Kabir
9 (RLIN) 3985
245 ## - TITLE STATEMENT
Title Lands Law of Bangladesh
Statement of responsibility, etc. Dr. L. Kabir
250 ## - EDITION STATEMENT
Edition statement 3rd
260 ## - PUBLICATION, DISTRIBUTION, ETC. (IMPRINT)
Place of publication, distribution, etc. Dhaka
Name of publisher, distributor, etc. Ain Prokashan
Date of publication, distribution, etc. c2008
300 ## - PHYSICAL DESCRIPTION
Extent [xviii] , 285p . :
Other physical details 21 cm.
500 ## - GENERAL NOTE
General note Includes Index
650 ## - SUBJECT ADDED ENTRY--TOPICAL TERM
Topical term or geographic name as entry element Law
9 (RLIN) 3986
650 ## - SUBJECT ADDED ENTRY--TOPICAL TERM
Topical term or geographic name as entry element Law
9 (RLIN) 3986
700 ## - ADDED ENTRY--PERSONAL NAME
Personal name Dr. L. Kabir
9 (RLIN) 3985
856 ## - ELECTRONIC LOCATION AND ACCESS
Password 0
Logon 0
Link text Download
942 ## - ADDED ENTRY ELEMENTS (KOHA)
Source of classification or shelving scheme
Koha item type Books
Holdings
Withdrawn status Lost status Source of classification or shelving scheme Damaged status Not for loan Collection code Permanent location Current location Shelving location Date acquired Inventory number Total Checkouts Full call number Barcode Date last seen Date last checked out Copy number Price effective from Koha item type
          Non-fiction Bangladesh University of Business and Technology Library Bangladesh University of Business and Technology Library Law Stacks 03/04/2021 5911 1 343.025492/K113l BUBTL-20035911 12/07/2023 11/13/2023 C-1 03/04/2021 Books
          Non-fiction Bangladesh University of Business and Technology Library Bangladesh University of Business and Technology Library Law Stacks 03/04/2021 5912   343.025492/K113l BUBTL-20035912 03/04/2021   C-2 03/04/2021 Books

More Information About Library

Library Hours

  • Open: 9.00 am. to 9.00 pm.
  • Only Sunday: 9.00 am. to 6.00 pm.
  • Closed: Holiday

Contact to the University

Bangladesh University of Business and Technology Library

  • Mirpurl-2, 1216.
  • Phone:
  • Fax:
  • E-Mail: admin.library@bubt.edu.bd

Contact to the Library

Contact Person:

Md. Abdul Hakim Shah
Joint Librarian
PABX No:  113
Cell No: 01816332931
E-mail: official: admin.library@bubt.edu.bd
Personal: hakim.shah@bubt.edu.bd


BUBT Library

Copyright © 2021